000 00420nam a2200133Ia 4500
005 20260328104247.0
008 260328s9999||||xx |||||||||||||| ||und||
100 _aSaldarriaga Roa, Alberto
245 0 _aArquitectura para todos los Días :
_b la Práctica Cultural de la Arquitectura /
_cAlberto Saldarriaga Roa
260 _bUniversidad Nacional de Colombia
300 _a95 p.
650 _aARQUITECTURA
942 _cBK
999 _c10116
_d10116